000 00920nam a2200253 i 4500
003 DO-SdBNP
005 20240715091527.0
006 a||||gr|||| 00| 0
007 ta
008 230818e1991 dr ||||| |||| 00| 0 spa d
040 _aDO-SdBNP
_bspa
_cBNPHU
_erda
082 4 _222
_bR426Le
110 1 _aRepública Dominicana.
_bCongreso Nacional
_916501
_eautor
240 _a(Ley no. 1024, 339, 855)
245 1 0 _aLeyes sobre bien de familia:
_bLey 1024, modificada G. O. 4025 y G. O. 8599. Ley 339, G. O. 9086 y Ley 855, que modifica varios artículos del Código Civil.
264 4 _aSanto Domingo :
_bCongreso Nacional,
_c1991
300 _a125, páginas completadas ;
_c21 cm.
336 _2rdacontent
_atexto
_btxt
337 _2rdamedia
_asin mediación
_bn
338 _2rdacarrier
_avolumen
_bnc
590 _aInventariado 2023 / MF
650 4 _aLeyes y Decretos
_zRepública Dominicana
_963360
942 _2ddc
_cLF2
999 _c54481
_d54481